01924 a2200157 4500999001700000020001800017082001900035100002000054245005000074260004800124300001400172520138100186650004801567942001201615952013901627 c25856d25856 a9789387164000 a305.697bIBR-R aIbrahim, Azeem  aRohingyasb: inside Myanmar's hidden genocide bSpeaking Tiger Publishing c2017aNew Delhi axx, 235p. aOver four lakh Rohingyas have fled Myanmar and thousands have been killed since the military crackdown and sectarian violence that began in August 2017. The world has finally begun to take notice of the worst case of ethnic cleansing in recent history, but the Rohingya tragedy has been unfolding for decades, going back to 1948, when Myanmar became an independent nation. Azeem Ibrahim’s thoroughly researched book traces the history of the Rohingya people to show how they became one of the world’s most persecuted minorities. The Rohingyas are a Muslim group who live in Rakhine province in western Myanmar—a majority Buddhist country that refuses to recognise them as one of its ‘national races’ and has denied them citizenship in the country of their birth. They are deprived of basic rights such as access to health services, education and employment and legal protection. There have been credible reports of armed attacks, torture and rape by government forces, and entire villages of the Rohingyas have been burned down. This important book documents the slow-motion genocide of the Rohingyas, and exposes not only the culpability of the Buddhist clergy in fomenting the religious cleansing of Myanmar, but also the shocking culpability of successive governments, including the present regime presided over by the Nobel Peace Prize laureate Aung San Suu Kyi. aReligious groupvEthnic relationsvGenocide 2ddccBK 00104070aNASSDOCbNASSDOCd2019-12-27eOPg437.27i2019-12-20l0o305.697 IBR-Rp50676r2019-12-27 00:00:00v599.00w2019-12-27yBK